| 000 | 00364pab a2200145 454500 | ||
|---|---|---|---|
| 008 | 180718b2004 xxu||||| |||| 00| 0 eng d | ||
| 100 | _aBawa, Anupam | ||
| 245 | _aConsumer ethnocentrism: CETSCALE validation and measurement of extent | ||
| 260 | _c2004 | ||
| 300 | _ap.43-57. | ||
| 362 | _aJul-Sep | ||
| 650 | _aConsumers | ||
| 773 | _aVikalpa | ||
| 909 | _a62748 | ||
| 999 |
_c62748 _d62748 |
||